000 00786nam a2200253Ia 4500
003 OSt
005 20220918225030.0
006 a|||||r|||| 00| 0
007 ta
008 220917b |||||||| |||| 00| 0 eng d
024 _a236,272
037 _cTextual
040 _aARTS
_cARTS
_beng
041 _2eng
_aeng
082 _aX:576.1TH, M1(906)
100 _aBalassa Bela
_9129836
245 0 _aThe balance of payments effects of external shocks and of policy responses to these shocks
_b in non - opec developing countires
260 _c1981
300 _a99p.
_ccm.
700 _a Barsony Andre
_9149504
700 _a Richards Anne
_9149505
942 _hX:576.1TH, M1(906)
_cTEXL
_2CC
999 _c283185
_d283185